Hương Hoa đất nước : Câu hát phân loại . t. I /

Đã lưu trong:
Bibliografiske detaljer
Hovedforfatter: Trọng Toàn
Format: Sách giấy
Sprog:Vietnamese
Udgivet: Sàigòn : Bốn phương , 1956
Tags: Tilføj Tag
Ingen Tags, Vær først til at tagge denne postø!
Thư viện lưu trữ: Thư viện Trường Đại học Đà Lạt
LEADER 00605nam a2200253 4500
001 DLU020012398
005 ##5/25/2000
020 # # |a 978- 
041 # # |a vie 
082 # # |a 398.8  |b TR-T 
090 # # |a 398.8  |b TR-T 
100 # # |a Trọng Toàn 
245 # # |a Hương Hoa đất nước :  |b Câu hát phân loại .  |n t. I /  |c Trọng Toàn 
260 # # |a Sàigòn :  |b Bốn phương ,  |c 1956 
300 # # |a 408 tr.;   |c 19 cm. 
992 # # |a 408 
994 # # |a DLU 
900 # # |a False 
911 # # |a Administrator 
925 # # |a G 
926 # # |a A 
927 # # |a SH 
980 # # |a Thư viện Trường Đại học Đà Lạt